Geotechnical Manual :materials and tests (Record no. 1080)

000 -LEADER
fixed length control field 00273 a2200097 4500
082 ## - DEWEY DECIMAL CLASSIFICATION NUMBER
Classification number 624.15 GEO
245 ## - TITLE STATEMENT
Title Geotechnical Manual :materials and tests
250 ## - EDITION STATEMENT
Edition statement Rev.Ed.
260 ## - PUBLICATION, DISTRIBUTION, ETC.
Place of publication, distribution, etc. Indiana :
Date of publication, distribution, etc. Dept of Transportation Indiana ,
Name of publisher, distributor, etc. 2005
300 ## - PHYSICAL DESCRIPTION
Extent 190p. :
Other physical details ill . ;
Dimensions 27 cm
650 ## - SUBJECT ADDED ENTRY--TOPICAL TERM
Topical term or geographic name entry element material testing
Holdings
Withdrawn status Lost status Damaged status Not for loan Permanent Location Current Location Shelving location Date acquired Total Checkouts Full call number Barcode Date last seen Price effective from Koha item type
        School of Civil and Environmental Engineering (SCEE) School of Civil and Environmental Engineering (SCEE)       624.15 GEO NIT-3266 01/05/2017 01/05/2017 Book
© 2023 Central Library, National University of Sciences and Technology. All Rights Reserved.